header

Carter's conversion (Record no. 215573)

MARC details
000 -LEADER
fixed length control field 02207nam a2200433 a 4500
082 04 - DEWEY DECIMAL CLASSIFICATION NUMBER
Classification number 973.926092
100 1# - MAIN ENTRY--AUTHOR NAME
Personal name Auten, Brian J.,
245 10 - TITLE STATEMENT
Title Carter's conversion
260 ## - PUBLICATION, DISTRIBUTION, ETC. (IMPRINT)
Place of publication Columbia :
Name of publisher University of Missouri Press,
Year of publication c2008.
300 ## - PHYSICAL DESCRIPTION
Number of Pages xiv, 344 p.
500 ## - GENERAL NOTE
General note Originally presented as the author's thesis (Ph. D.)--2004.
520 ## - SUMMARY, ETC.
Summary, etc "Examining Carter's dramatic shift from advocating defense budget cuts early in his administration to supporting development of the MX missile and modernization of NATO's Long-Range Theater Nuclear Force by the end of his presidency, the author argues, counter to common interpretations, that the shift was a "self-correcting" policy change in response to the prevailing international military environment"--Provided by publisher.
650 #0 - SUBJECT ADDED ENTRY--TOPICAL TERM
Topical Term National security
Topical Term MX (Weapons system)
Topical Term Deterrence (Strategy)
856 40 - ELECTRONIC LOCATION AND ACCESS
Uniform Resource Identifier http://site.ebrary.com/lib/rucke/Doc?id=10364845

No items available.

© 2026 Rongo University
Contact us: librarian | system librarian | Rongo university